Chemistry in the soil environment : (Record no. 143682)
[ view plain ]
| 000 -LEADER | |
|---|---|
| fixed length control field | 01269cam a2200265 a 4500 |
| 008 - FIXED-LENGTH DATA ELEMENTS--GENERAL INFORMATION | |
| fixed length control field | |
| 020 ## - INTERNATIONAL STANDARD BOOK NUMBER | |
| International Standard Book Number | 0891180656 (pbk.) |
| 049 ## - LOCAL HOLDINGS (OCLC) | |
| Holding library | MAIN |
| 090 ## - LOCALLY ASSIGNED LC-TYPE CALL NUMBER (OCLC); LOCAL CALL NUMBER (RLIN) | |
| Classification number (OCLC) (R) ; Classification number, CALL (RLIN) (NR) | S592.5 |
| 003 - CONTROL NUMBER IDENTIFIER | |
| control field | |
| 005 - DATE AND TIME OF LATEST TRANSACTION | |
| control field | 20230123133144.0 |
| 040 ## - CATALOGING SOURCE | |
| Transcribing agency | NUST |
| 245 00 - TITLE STATEMENT | |
| Title | Chemistry in the soil environment : |
| Remainder of title | proceedings of a symposium sponsored by Division S-2 of the American Society of Agronomy and the Soil Science Society of America : papers were presented during the annual meetings in Fort Collins, Colorado, August 5-10, 1979 / |
| Statement of responsibility, etc. | organizing committee, D.E. Baker ; editorial committee, R.H. Dowdy ... [et al.] ; editor-in-chief, Matthias Stelly ; managing editor, David M. Kral ; assistant editor, Mary Kay Cousin. |
| 260 ## - PUBLICATION, DISTRIBUTION, ETC. | |
| Place of publication, distribution, etc. | Madison, Wis. : |
| Name of publisher, distributor, etc. | American Society of Agronomy, Soil Science Society of America, |
| Date of publication, distribution, etc. | 1981. |
| 300 ## - PHYSICAL DESCRIPTION | |
| Extent | v, 259 p. : |
| Other physical details | ill. ; |
| Dimensions | 23 cm. |
| 440 #0 - SERIES STATEMENT/ADDED ENTRY--TITLE | |
| Title | ASA special publication ; |
| Volume/sequential designation | no. 40 |
| 504 ## - BIBLIOGRAPHY, ETC. NOTE | |
| Bibliography, etc. note | Includes bibliographical references. |
| 650 #0 - SUBJECT ADDED ENTRY--TOPICAL TERM | |
| Topical term or geographic name entry element | Soil chemistry |
| Form subdivision | Congresses. |
| 700 1# - ADDED ENTRY--PERSONAL NAME | |
| Personal name | Dowdy, R. H. |
| 700 1# - ADDED ENTRY--PERSONAL NAME | |
| Personal name | Stelly, Matthias. |
| 710 2# - ADDED ENTRY--CORPORATE NAME | |
| Corporate name or jurisdiction name as entry element | American Society of Agronomy. |
| Subordinate unit | Division S-2. |
| 710 2# - ADDED ENTRY--CORPORATE NAME | |
| Corporate name or jurisdiction name as entry element | Soil Science Society of America. |
| 907 ## - LOCAL DATA ELEMENT G, LDG (RLIN) | |
| a | .b10025935 |
| b | 05-07-05 |
| c | 17-04-03 |
| 942 ## - ADDED ENTRY ELEMENTS (KOHA) | |
| Koha item type | Ordinary Loan Books |
| Call number prefix | S592.5 |
| Date last seen | Total Checkouts | Full call number | Barcode | Cost, replacement price | Price effective from | Koha item type | Lost status | Source of classification or shelving scheme | Damaged status | Not for loan | Collection | Withdrawn status | Home library | Current library | Shelving location | Date acquired | Cost, normal purchase price |
|---|---|---|---|---|---|---|---|---|---|---|---|---|---|---|---|---|---|
| 01/23/2023 | 8 | S592.5 CHE | 92003015402 | 80.00 | 01/23/2023 | BOOKS | LCC | NFIC | MAIN | MAIN | GEN | 01/23/2023 | 80.00 |